000 00900nam a22002177a 4500
999 _c2051
_d2051
003 AR-CdUCM
008 190301b ||||| |||| 00| 0 spa d
040 _aMUNICIPALIDAD PROVINCIAL DEL CUSCO
_cBIBLIOTECA MUNICIPAL DEL CUSCO
082 _a980.02 /
_bF49
100 _aFigueroa Serrano, Juan
_97424
245 _aEl quinto centenario de la conquista española /
260 _aQosqo :
_bMunicipalidad del Qosqo,
_c1992.
300 _a89 páginas ;
_c21 cm.
500 _aPresentación: Daniel Estrada Pérez. Incluye referencias bibliográficas.
505 _aContenido: Temas relacionados con la resistencia ofrecida por los americanos ante la presencia de los españoles durante la conquista; enfoque crítico de este hecho.
650 _aDescubrimiento y Conquista
_92362
650 _aAmérica Latina
_91130
650 _aHistoria aniversarios
_97425
942 _2ddc
_cLIBROS
945 _azta